Sonata de otoño. Sonata de invierno : Memorias del Marquéz de Bradomín

Salvato in:
Dettagli Bibliografici
Autore principale: Valle-Inclán, Ramón del
Natura: Libro
Lingua:Undetermined
Pubblicazione: Madrid, España Espasa-Calpe 1963
Edizione:4
Soggetti:
Tags: Aggiungi Tag
Nessun Tag, puoi essere il primo ad aggiungerne!!

MARC

LEADER 00000nam a2200000Ia 4500
008 170316s9999 xx 000 0 und d
040 |a cru BVZT 
090 |a 862 V-7so 
100 |a Valle-Inclán, Ramón del 
245 |a Sonata de otoño. Sonata de invierno : Memorias del Marquéz de Bradomín 
250 |a 4 
260 |a Madrid, España 
260 |b Espasa-Calpe 
260 |c 1963 
300 |a 178 páginas 
650 |a LITERATURA ESPAÑOLA 
942 |c 15 D 
999 |c 10608  |d 10608